Abre- te, sésamo! (Record no. 156609)
[ view plain ]
| 000 -LÍDER | |
|---|---|
| campo de controle de tamanho fixo | 00395 a2200169 4500 |
| 001 - NÚMERO DE CONTROLE | |
| campo de controle | 156609 |
| 020 ## - ISBN - INTERNATIONAL STANDARD BOOK NUMBER | |
| ISBN - International Standard Book Number | 8532207944 |
| 040 ## - FONTE DA CATALOGAÇÃO | |
| Instituição que transcreveu o registro | Escola São Tomás de Aquino |
| 100 ## - ENTRADA PRINCIPAL--NOME PESSOAL | |
| Nome pessoal | BRAZ, Júlio Emílio |
| 240 10 - TÍTULO UNIFORME | |
| Título uniforme | Abre- te, sésamo! |
| Idioma da obra | por |
| 245 10 - TÍTULO | |
| Título | Abre- te, sésamo! |
| 300 ## - DESCRIÇÃO FÍSICA | |
| Extensão | 64 |
| 362 0# - DATAS DE PUBLICAÇÃO E/OU DESIGNAÇÃO SEQUENCIAL | |
| Datas de publicação e/ou designação sequencial | 1998 |
| 440 #1 - DECLARAÇÃO DE SÉRIE/ENTRADA ADICIONADA--TÍTULO | |
| Título | FTD |
| 697 ## - ENTRADA DE ASSUNTO LOCAL--ENTIDADE COLETIVA (RLIN) | |
| Nome corporativo ou nome da jurisdição | Drogas / uso, abuso – Psicotrópicos |
| 942 ## - ELEMENTOS DE ENTRADA ADICIONADOS (KOHA) | |
| Tipo de material Koha | Livros |
| Situação do descarte | Situação das perdas | Situação física | Não pode ser emprestado | Biblioteca de origem | Biblioteca atual | Data de aquisição | Total de empréstimos | Número de chamada completo | Código de barras | Data de último acesso | Data do preço efetivo | Tipo de material Koha |
|---|---|---|---|---|---|---|---|---|---|---|---|---|
| ESTA - SÃO BENTO | ESTA - SÃO BENTO | 30/04/2024 | 613.8 BRA ABR | EST00010882 | 30/04/2024 | 30/04/2024 | Livros |